Catálogo

Tapas / (Registro nro. 47051)

Detalles MARC
000 -LEADER
fixed length control field 01114cam a2200325 i 4500
001 - CONTROL NUMBER
control field 47051
003 - CONTROL NUMBER IDENTIFIER
control field Mx-PuUPA
005 - DATE AND TIME OF LATEST TRANSACTION
control field 20240410104029.0
008 - FIXED-LENGTH DATA ELEMENTS--GENERAL INFORMATION
fixed length control field 140415s2004 sp o gr 001 0 spa d
020 ## - INTERNATIONAL STANDARD BOOK NUMBER
International Standard Book Number 8480765364
040 ## - CATALOGING SOURCE
Original cataloging agency Mx-PuUPA
Language of cataloging spa
Transcribing agency Mx-PuUPA
Modifying agency Mx-PuUPA
Description conventions rda
041 1# - LANGUAGE CODE
Language code of text/sound track or separate title spa
130 0# - MAIN ENTRY--UNIFORM TITLE
Uniform title Mezze tapas
245 00 - TITLE STATEMENT
Title Tapas /
Statement of responsibility, etc. revisión y adaptación, Ana María Pérez Martínez ; traducción, Clara E. Serrano Pérez
250 ## - EDITION STATEMENT
Edition statement Primera edición
264 34 - PRODUCTION, PUBLICATION, DISTRIBUTION, MANUFACTURE, AND COPYRIGHT NOTICE
Place of production, publication, distribution, manufacture Barcelona :
Name of producer, publisher, distributor, manufacturer Blume,
Date of production, publication, distribution, manufacture, or copyright notice ©2004
300 ## - PHYSICAL DESCRIPTION
Extent 79 páginas :
Other physical details fotografías ;
Dimensions 20 cm,
336 ## - CONTENT TYPE
Fuente rdacontent
Content type term texto
Content type code txt
337 ## - MEDIA TYPE
Source rdamedia
Media type term sin medio
Media type code n
338 ## - CARRIER TYPE
Source rdacarrier
Carrier type term volumen
Carrier type code nc
490 0# - SERIES STATEMENT
Series statement Selección culinaria
650 14 - SUBJECT ADDED ENTRY--TOPICAL TERM
Topical term or geographic name entry element Cocina mediterránea
Form subdivision recetarios
650 14 - SUBJECT ADDED ENTRY--TOPICAL TERM
Topical term or geographic name entry element Gastronomía
Geographic subdivision Mediterráneo
700 1# - ADDED ENTRY--PERSONAL NAME
Personal name Pérez Martínez, Ana María,
Relator term Revisor
-- adaptador
700 1# - ADDED ENTRY--PERSONAL NAME
Personal name Serrano Pérez, Clara E.,
Relator term traductor
765 18 - ORIGINAL LANGUAGE ENTRY
Title Mezze tapas
Place, publisher, and date of publication Sidney, Australia : Murdoch boooks, ©2004
942 ## - ADDED ENTRY ELEMENTS (KOHA)
Source of classification or shelving scheme Dewey Decimal Classification
Koha item type Libro
Classification part 641.712
Item part T172
Existencias
Withdrawn status Lost status Source of classification or shelving scheme Damaged status Not for loan Collection code Home library Current library Shelving location Date acquired Source of acquisition Total Checkouts Full call number Barcode Date last seen Price effective from Koha item type
    Dewey Decimal Classification     General Biblioteca Karol Wojtyla Biblioteca Karol Wojtyla Sala general 03/12/2013 Compra   641.812 T172 2004 70514 05/01/2026 03/12/2013 Libro